00655 2200193 4500001002100000005001500021007000300036008003900039022001300078035002000091082001600111084002200127100001500149245010800164260012400272300004400396600001100440600001000451INLIS00000000000116720250203094512ta250203 | | |  a23833866 a0010-0225000005 a633.7-631.8 a633.7-631.8 IDA l0 aIdawati, I1 aLife cycle assessment of cocoa farming sustainability by implementing compound fertilizer /cIdawati, I aIran, Tehran :bSolid Waste Engineering and Management Association, Faculty of Environment, University of Tehran,c2024 a837-856 hlm, :bIlus ;c21 cm x 29,7 cm 4aJurnal 4akakao